Giải đáp các tình huống thường gặp cho người dùng Access 97
Sách trình bày tổng quát và hướng dẫn giải quyết về các sự cố thường gặp, các thắc mắc khi xử lý thông tin, từ việc tạo các form, report, query đến việc tổng hợp thông tin từ nhiều nguồn bằng cách dùng query để chọn dữ liệu từ nhi...
محفوظ في:
| المؤلف الرئيسي: | |
|---|---|
| التنسيق: | كتاب |
| اللغة: | Undetermined |
| منشور في: |
Hà Nội
Thống Kê
1998
|
| الموضوعات: | |
| الوسوم: |
إضافة وسم
لا توجد وسوم, كن أول من يضع وسما على هذه التسجيلة!
|
| Thư viện lưu trữ: | Trung tâm Học liệu Trường Đại học Cần Thơ |
|---|
| LEADER | 00956nam a2200181Ia 4500 | ||
|---|---|---|---|
| 001 | CTU_35586 | ||
| 008 | 210402s9999 xx 000 0 und d | ||
| 082 | |a 005.713 | ||
| 082 | |b V308 | ||
| 100 | |a Đỗ Duy Việt | ||
| 245 | 0 | |a Giải đáp các tình huống thường gặp cho người dùng Access 97 | |
| 245 | 0 | |c Đỗ Duy Việt | |
| 260 | |a Hà Nội | ||
| 260 | |b Thống Kê | ||
| 260 | |c 1998 | ||
| 520 | |a Sách trình bày tổng quát và hướng dẫn giải quyết về các sự cố thường gặp, các thắc mắc khi xử lý thông tin, từ việc tạo các form, report, query đến việc tổng hợp thông tin từ nhiều nguồn bằng cách dùng query để chọn dữ liệu từ nhiều nguồn khác | ||
| 650 | |a access ( computer program language ) | ||
| 980 | |a Trung tâm Học liệu Trường Đại học Cần Thơ | ||